La cara norte del corazón (Registro nro. 15451)

000 -CABECERA
campo de control de longitud fija 02204nam a22002657a 4500
003 - IDENTIFICADOR DEL NÚMERO DE CONTROL
campo de control OSt
005 - FECHA Y HORA DE LA ÚLTIMA TRANSACCIÓN
campo de control 20240425151521.0
008 - DATOS DE LONGITUD FIJA--INFORMACIÓN GENERAL
campo de control de longitud fija 240424b ||||| |||| 00| 0 spa d
020 ## - NÚMERO INTERNACIONAL ESTÁNDAR DEL LIBRO
Número Internacional Estándar del Libro 9789584282200
040 ## - FUENTE DE LA CATALOGACIÓN
Centro/agencia transcriptor CO-Mq BPB
041 ## - CÓDIGO DE LENGUA
Código de lengua del texto/banda sonora o título independiente spa
082 ## - NÚMERO DE LA CLASIFICACIÓN DECIMAL DEWEY
Número de clasificación AN
Número de documento/Ítem REDl
100 ## - ENTRADA PRINCIPAL--NOMBRE DE PERSONA
Nombre de persona Redondo, Dolores
Fechas asociadas al nombre 1969
Término indicativo de función/relación autora
245 ## - MENCIÓN DE TÍTULO
Título La cara norte del corazón
250 ## - MENCIÓN DE EDICIÓN
Mención de edición 1a. ed.
264 ## - PRODUCCIÓN, PUBLICACIÓN, DISTRIBUCIÓN, FABRICACIÓN Y COPYRIGHT
Producción, publicación, distribución, fabricación y copyright Bogotá:
Nombre del de productor, editor, distribuidor, fabricante Destino
Fecha de producción, publicación, distribución, fabricación o copyright 2019
300 ## - DESCRIPCIÓN FÍSICA
Extensión 686 páginas
Otras características físicas Tapa rustica
Dimensiones 23 cm
490 ## - MENCIÓN DE SERIE
Mención de serie Plan Nacional de Lectura y Escritura Leer es mi Cuento / Ministerio de Cultura
521 ## - NOTA DE PÚBLICO DESTINATARIO
Nota de público destinatario "Cuando Amaia Salazar tenía doce años estuvo perdida en el bosque durante dieciséis horas. Era de madrugada cuando la encontraron a treinta kilómetros al norte del lugar donde se había despistado de la senda. Desvanecida bajo la intensa lluvia, la ropa ennegrecida y chamuscada como la de una bruja medieval rescatada de una hoguera, y, en contraste, la piel blanca, limpia y helada como si acabase de surgir del hielo.”<br/><br/>En agosto de 2005, mucho antes de los crímenes que conmocionaron el valle del Baztán, una joven Amaia Salazar de veinticinco años, subinspectora de la Policía Foral, participa en un curso de intercambio para policías de la Europol en la Academia del FBI, en Estados Unidos, que imparte Aloisius Dupree, el jefe de la unidad de investigación. Una de las pruebas consiste en estudiar un caso real de un asesino en serie a quien llaman «el compositor», que siempre actúa durante grandes desastres naturales atacando a familias enteras y siguiendo una puesta en escena casi litúrgica. Amaia se convertirá inesperadamente en parte del equipo de la investigación que les llevará hasta Nueva Orleans, en vísperas del peor huracán de su historia, para intentar adelantarse al asesino...<br/><br/>Pero una llamada de su tía Engrasi desde Elizondo despertará en Amaia fantasmas de su infancia, enfrentándola de nuevo al miedo y a los recuerdos que la dotan de un extraordinario conocimiento de la cara norte del corazón.
521 ## - NOTA DE PÚBLICO DESTINATARIO
Nota de público destinatario Recomendado para público adulto
650 ## - PUNTO DE ACCESO ADICIONAL DE MATERIA--TÉRMINO DE MATERIA
Término de materia o nombre geográfico como elemento de entrada Asesinato
Subdivisión general Novela
650 ## - PUNTO DE ACCESO ADICIONAL DE MATERIA--TÉRMINO DE MATERIA
Término de materia o nombre geográfico como elemento de entrada Novela española
650 ## - PUNTO DE ACCESO ADICIONAL DE MATERIA--TÉRMINO DE MATERIA
Término de materia o nombre geográfico como elemento de entrada Novela policíaca
942 ## - ELEMENTOS DE PUNTO DE ACCESO ADICIONAL (KOHA)
Fuente del sistema de clasificación o colocación
Tipo de ítem Koha Libro Literatura
Existencias
Estado de retiro Estado de pérdida Fuente del sistema de clasificación o colocación Estado dañado No para préstamo Código de colección Localización permanente Ubicación/localización actual Ubicación en estantería Fecha de adquisición Fuente de adquisición Número de inventario Total de préstamos Signatura topográfica completa Código de barras Fecha visto por última vez Fecha del último préstamo Número de copia Precio válido a partir de Tipo de ítem Koha Nota pública
          Literatura Adulto Biblioteca Pública San Juan Bosco Biblioteca Pública San Juan Bosco Literatura 24/04/2024 Dotación PNL 2023 NT 2 AN REDl MOS503593 22/09/2025 29/08/2025 Ej.1 24/04/2024 Libro Literatura Quince dias

© Todos los derechos reservados para la Biblioteca Pública Municipal San Juan Bosco, 2020
Secretaria de Cultura de Mosquera
Carrera 3 N° 10 Esquina Centro Cultural Barrio El Carmén Teléfono: 8270830 Ext: 34
Funcionando con KOHA
Contacto: Biblioteca Pública Municipal San Juan Bosco/ bibliotecasanjuanbosco@mosquera-cundinamarca.gov.co
Mosquera, Cundinamarca